<The> Post-crisis fiscal situation in the European Economic and Monetary Union

Analýza finančnej situácie Európskej únie v post-krízovom období a jej riešenie. Pohľad na budúci manažment ekonomických udalostí v rámci integračného procesu.

Uložené v:
Podrobná bibliografia
Hlavný autor: Lipková, Beata
Médium: Kapitola
Jazyk:English
Predmet:
Tagy: Pridať tag
Žiadne tagy, Buďte prvý, kto otaguje tento záznam!

MARC

LEADER 00000naa$a2200000$$$4500
001 0151815
005 20240502083346.7
041 0 |a eng 
044 |a RU 
245 1 0 |a <The> Post-crisis fiscal situation in the European Economic and Monetary Union  |c Beata Lipková 
520 |a Analýza finančnej situácie Európskej únie v post-krízovom období a jej riešenie. Pohľad na budúci manažment ekonomických udalostí v rámci integračného procesu. 
610 2 0 |a únie hospodárske 
610 2 0 |a únie menové 
610 2 0 |a koordinácia 
610 2 0 |a eurozóna 
610 2 0 |a dlhy verejné 
610 2 0 |a Európska únia 
100 1 |a Lipková, Beata